Harry Styles - Chansons par emojis #2 - Statistiques

Statistiques générales
  • Ce quiz a été pris 3 fois
  • Le résultat moyen est 10 sur 11
Statistiques - réponses
Emojis Chansons % Correct
🍒 Cherry
100%
🍇🧃 Grapejuice
100%
🥝 Kiwi
100%
🌃🌙💬 Late Night Talking
100%
🎨1️⃣2️⃣3️⃣ Paint by Numbers
100%
🛰️ Satellite
100%
🌻📙6️⃣ Sunflower, Vol. 6
100%
2️⃣👻 Two Ghosts
100%
🍉🍭 Watermelon Sugar
100%
🏜️🌙 Canyon Moon
50%
🍬👹 Sweet Creature
0%
Aucun quiz correspondant
Distribution des résultats
% des personnes avec chaque résultat
Percentile par nombre de réponses
Votre historique - résultats
Vous n’avez pas pris ce quiz